000 00462nam a2200193Ia 4500
008 240510s9999 xx 000 0 und d
020 _a0000880220481
041 _aEng
082 _a005.133
082 _bP86
100 _aPURDUM J.J. , LESLIE T.C. , STEGEMOLLER A.L.
245 0 _aC PROGRAMMERS LIBRARY
260 _bINDIANAPOLIS : QUE
260 _c1984
300 _a366 p.
650 _aC : PROGRAMMING LANGUAGES
942 _2ddc
942 _cLBK
999 _c26204
_d26204
945 _a1
_bMadushi Gamage
_c1
_dMadushi Gamage